000 00471nam a2200181Ia 4500
005 20250326141855.0
008 250326s9999 xx 000 0 und d
037 _aTextbook
040 _aFMSL
_beng
_cFMSL
041 _aeng
_2eng
084 _qFMSL
100 _aWorld Bank
245 0 _aWorld development report 1989
_cWorld Bank
260 _aWorld
_bWorld, Bank Oxford University Press
_c1989
300 _a263p
942 _cTB
999 _c1292390
_d1292390